Catálogo
 En Linea

La cotorra y el perico de La Española / (Registro nro. 27561)

Detalles MARC
000 -CABECERA
campo de control de longitud fija 00657nam a2200169 a 4500
001 - NÚMERO DE CONTROL
campo de control 000028069
005 - FECHA Y HORA DE LA ÚLTIMA TRANSACCIÓN
campo de control 20200930031325.0
008 - DATOS DE LONGITUD FIJA--INFORMACIÓN GENERAL
campo de control de longitud fija 110408s1987 dr c 000 | spa d
040 ## - FUENTE DE LA CATALOGACIÓN
Centro catalogador/agencia de origen DO-SdBNP
Lengua de catalogación spa
Centro/agencia transcriptor BNPHU
082 ## - NÚMERO DE LA CLASIFICACIÓN DECIMAL DEWEY
Número de clasificación xxx
Número de documento/Ítem S619c
049 ## - FONDOS LOCALES (OCLC)
Fondos de biblioteca BNPD
100 1# - ENTRADA PRINCIPAL--NOMBRE DE PERSONA
Nombre de persona Siris Núñez, Domingo
9 (RLIN) 55091
245 13 - MENCIÓN DE TÍTULO
Título La cotorra y el perico de La Española /
Mención de responsabilidad, etc. Domingo Siris Núñez ; prólogo de Juan Pablo Pujals Nolasco.
260 ## - PUBLICACIÓN, DISTRIBUCIÓN, ETC.
Lugar de publicación, distribución, etc. Santo Domingo :
Nombre del editor, distribuidor, etc. Secretaría de Estado de Agricultura. Subsecretaría de Estado de Recursos Naturales,
Fecha de publicación, distribución, etc. 1987.
Fabricante (Editorial Pérez)
300 ## - DESCRIPCIÓN FÍSICA
Extensión 5 p. :
Otras características físicas retrs. ;
Dimensiones 21 cm.
700 1# - PUNTO DE ACCESO ADICIONAL--NOMBRE DE PERSONA
Nombre de persona Pujals Nolasco, Juan Pablo,
Término indicativo de función/relación pról.
9 (RLIN) 36977
Existencias
Estado de retiro Estado de pérdida No para préstamo Código de colección Localización permanente Ubicación/localización actual Ubicación en estantería Fecha de adquisición Número de inventario Total de préstamos Signatura topográfica completa Código de barras Fecha visto por última vez Precio válido a partir de Tipo de ítem Koha
    Excluido de préstamo Patrimonio Dominicano Patrimonio Dominicano Patrimonio Dominicano En catalogación 06.04.2011 LF1   xxx S619c 28069-10 25.06.2020 25.06.2020 Libro y Folleto Colección Patrimonio Dominicano

Con tecnología Koha